书目信息 |
| 题名: |
汉英常用医学和生物学词汇
|
|
| 作者: | 张士琦 , 张均康 , 张士琦 , 张均康 主编 | |
| 分册: | ||
| 出版信息: | 北京 中国医药科技出版社 1997.03 |
|
| 页数: | 680页 | |
| 开本: | 20cm | |
| 丛书名: | ||
| 单 册: | ||
| 中图分类: | R-61 , Q-61 | |
| 科图分类: | ||
| 主题词: | 医学--yi xue--词汇--中、英 , 生物学--sheng wu xue--词汇--中、英 | |
| 电子资源: | ||
| ISBN: | 7-5067-1646-1 | |
| 000 | 00925nam0 2200277 450 | |
| 001 | 0142948702 | |
| 005 | 20050508115749.09 | |
| 010 | @a7-5067-1646-1@b精装@dCNY45.00 | |
| 100 | @a20050508d1997 km y0chiy0120 ea | |
| 101 | 0 | @achi@aeng |
| 102 | @aCN@b110000 | |
| 105 | @ay z 000yy | |
| 200 | 1 | @a汉英常用医学和生物学词汇@Ahan ying chang yong yi xue he sheng wu xue ci hui@f张士琦, 张均康主编@Fzhang shi qi,zhang jun kang zhu bian |
| 210 | @a北京@c中国医药科技出版社@d1997.03 | |
| 215 | @a680页@d20cm | |
| 330 | @a本书是汉英常用医学和生物学词汇。 | |
| 606 | 0 | @a医学@Ayi xue@x词汇@x中、英 |
| 606 | 0 | @a生物学@Asheng wu xue@x词汇@x中、英 |
| 690 | @aR-61@v4 | |
| 690 | @aQ-61@v4 | |
| 701 | 0 | @a张士琦@Azhang shi qi@4主编 |
| 701 | 0 | @a张均康@Azhang jun kang@4主编 |
| 701 | 0 | @a张士琦@Azhang shi qi@4主编 |
| 701 | 0 | @a张均康@Azhang jun kang@4主编 |
| 801 | 0 | @aCN@bRULIN@c20050508 |
| 905 | @a10447@dR-61@eZ175 | |
| 汉英常用医学和生物学词汇/张士琦, 张均康主编.-北京:中国医药科技出版社,1997.03 |
| 680页;20cm |
| ISBN 7-5067-1646-1(精装):CNY45.00 |
| 本书是汉英常用医学和生物学词汇。 |
| ● |
| 相关链接 |
|
|
|
正题名:汉英常用医学和生物学词汇
索取号:R-61/Z175
 
预约/预借
| 序号 | 登录号 | 条形码 | 馆藏地/架位号 | 状态 | 备注 |
| 1 | 520703 | 205207033 | 自科库401/401自科库 103排2列2层/ [索取号:R-61/Z175] | 在馆 | |
| 2 | 520704 | 205207042 | 自科库401/401自科库 103排2列2层/ [索取号:R-61/Z175] | 在馆 |